000 00656nam a2200205 a 4500
001 17275722
008 160923s2013 ||||||||||||||||| || u
010 _a2012016127
020 _a9781444724998
050 _aPS 3616.E72R39
100 _aPercy, Benjamin
245 1 0 _aRed moon : a novel
_cBenjamin Percy.
250 _a1st ed.
260 _aNew York
_bHodder & Stoughton
_c2013
260 _aNew York
_bGrand Central Pub
_c2013
300 _a533 P.
350 _a10.51
650 0 _aWerewolves - Fiction
995 _FCBU-MAIN LIBRARY (Kitwe)
_I10.51
_M1
_UAVAILABLE
_WSep 23, 2016
_ZFiction Collection
999 _c55787
_d55787